000 00831nam a2200301 a 4500
999 _c2343
_d2343
001 017118299
003 UkOxU
005 20230419121246.0
008 060206s2006 enka j 000 1 eng
015 _aGBA622910
_2bnb
020 _a0746070497 (hbk.) :
035 _a(Uk)013402962
035 _a(UkLCURL)72013402962
038 _aUk
040 _aStDuBDS
_beng
_cStDuBDS
_dUk
_dKH8
042 _aukblcatcopy
049 _lb
082 0 4 _a823.92 DAV
_222
100 _a Davidson, Susanna
_eauthor.
245 0 4 _aThe ugly duckling.
_cSusanna Davidson
260 _aLondon :
_bUsborne,
_c2006.
300 _a48 p. :
_bcol. ill. ;
_c20 cm.
490 1 _aUsborne first reading. Level 4
500 _aFormerly CIP.
_5Uk
650 _aChildren's stories;
830 0 _aUsborne first reading.
_nLevel four.
942 _2ddc
_cFIC